000 00670nam a2200241Ia 4500
005 20260430150624.0
008 008 250103s9999 xx 000 0 eng d
037 _aTheses
040 _aCRL
040 _beng
040 _ceng
041 _2eng
041 _aeng
084 _qCRL
100 _aGupta Sonu Lal Au.; Sunil Kumar Gu.; Sharma Jyoti Gu.
_91238027
245 0 _aLearning Outcomes in Mathematics Classroom: Exploring Learner’s Position and Possibilities
260 _c2024
300 _a170p.
650 _aEducation
700 _aUniversity of Delhi. Fculty of Education. Deptt. of Education
942 _cTH
999 _c1850232
_d1850232